[Event "III Open"]
[Site "Palma de Mallorca ESP"]
[Date "2008.12.14"]
[Round "9"]
[White "Mikkelsen,N"]
[Black "Jessel,S"]
[Result "1-0"]
[WhiteElo "2441"]
[BlackElo "2303"]

1.e4 e6 2.d4 d5 3.Nc3 Nf6 4.e5 Nfd7 5.f4 c5 6.Nf3 Nc6 7.Be3 cxd4 8.Nxd4 Bc5
9.Qd2 O-O 10.O-O-O a6 11.Kb1 Nxd4 12.Bxd4 b5 13.Qe3 Qc7 14.Bd3 Bxd4 15.Qxd4 Qc5
16.Ne2 b4 17.Rc1 Qxd4 18.Nxd4 Nc5 19.Rhe1 a5 20.Re3 Ba6 21.Bxa6 Rxa6 22.c4 dxc4
23.Rxc4 Nd7 24.Rd3 Raa8 25.Rc6 Nb8 26.Rd6 Na6 27.Nc6 Rfe8 28.Rd8 Raxd8 29.Rxd8 Rxd8
30.Nxd8 a4 31.Kc2 Kf8 32.Kd3 Ke7 33.Nb7 Nc7 34.Kc4 Nd5 35.g3 h5 36.Nc5 a3
37.b3 Nc3 38.Kxb4 Nxa2+ 39.Kxa3 Nc3 40.Kb4 Nd5+ 41.Ka5 Kd8 42.b4 Kc7 43.Ne4 f6
44.Nc5  1-0

[Event "75th ch-BRA"]
[Site "Porto Alegre BRA"]
[Date "2008.12.14"]
[Round "8"]
[White "Oliveira,Si"]
[Black "Lima,Da"]
[Result "1/2-1/2"]
[WhiteElo "2345"]
[BlackElo "2488"]

1.e4 e6 2.d4 d5 3.Nc3 Nf6 4.e5 Ne4 5.Nxe4 dxe4 6.Bc4 c5 7.d5 Nd7 8.dxe6 fxe6
9.Bxe6 Qe7 10.Bxd7+ Bxd7 11.Qh5+ g6 12.Qg5 Qe6 13.Ne2 Bg7 14.Be3 b6 15.Nf4 Qxe5
16.Qxe5+ Bxe5 17.O-O-O Rf8 18.g3 Bg4 19.Rd5 Rf5 20.Rd2 Rd8 21.Rxd8+ Kxd8
22.Re1 Kd7 23.h4 Bg7 24.Ne2 Kc6 25.Nc3 Bf3 26.Bf4 Rf6 27.Nb1 Rf7 28.c3 Bf6
29.Bh6 Be7 30.Nd2 Bd6 31.Nxf3 Rxf3 32.Be3 c4 33.Kd2 Rf5 34.Kc2 Bc5 35.Bxc5 Kxc5
36.Re2 Rf3 37.Kd2 Kd5 38.Ke1 Ke5 39.Rd2 e3 40.fxe3 Rxg3 41.Rd7 Ke4 42.Rxh7 Kxe3
43.Kd1 Rg4 44.Kc2 b5 45.Rxa7  1/2-1/2

[Event "15th Croatian Open A"]
[Site "Zadar CRO"]
[Date "2008.12.17"]
[Round "6"]
[White "Zelic,Ml"]
[Black "Dimitrov,R"]
[Result "0-1"]
[WhiteElo "2319"]
[BlackElo "2378"]

1.e4 e6 2.d4 d5 3.Nc3 Nf6 4.e5 Nfd7 5.f4 c5 6.Nf3 Nc6 7.Bd3 Nxd4 8.Nxd4 cxd4
9.Ne2 Bc5 10.O-O O-O 11.Ng3 f5 12.Kh1 Qb6 13.Rg1 Be7 14.Nh5 g6 15.g4 Nc5
16.g5 Ne4 17.Rg2 Bd7 18.Nf6+ Bxf6 19.gxf6 Kf7 20.b3 Rh8 21.Qf3 Qc5 22.a4 Qc3
23.Rb1 Qe1+ 24.Rg1 Qh4 25.Rg2 Qe1+ 26.Rg1 Qh4 27.Rg2 h6 28.Bb2 g5 29.Bxd4 g4
30.Qe2 Bc6 31.b4 b6 32.b5 Bb7 33.Qe1 Qxe1+ 34.Rxe1 h5 35.a5 bxa5 36.Ra1 a6
37.b6 h4 38.Rxa5 h3 39.Rg1 Nf2+ 40.Bxf2 d4+ 41.Rg2 hxg2+ 42.Kg1 Rxh2  0-1

[Event "XXI Carlos Torre KO"]
[Site "Merida MEX"]
[Date "2008.12.18"]
[Round "2.2"]
[White "Sadvakasov,D"]
[Black "Hernandez Guerrero,G"]
[Result "1-0"]
[WhiteElo "2643"]
[BlackElo "2549"]

1.e4 e6 2.d4 d5 3.Nc3 Nf6 4.e5 Nfd7 5.f4 c5 6.Nf3 Nc6 7.Be3 Be7 8.Qd2 O-O
9.Be2 a6 10.O-O b5 11.a3 Qb6 12.Nd1 Bb7 13.c3 Na5 14.Qe1 Nb3 15.Rb1 f5 16.Kh1 a5
17.Rg1 b4 18.axb4 axb4 19.g4 Ba6 20.Bxa6 Rxa6 21.Qg3 Rf7 22.Bf2 fxg4 23.Qxg4 Qb5
24.Ne3 cxd4 25.Nxd4 Nxd4 26.cxd4 Qd3 27.Qg2 Nf8 28.f5 exf5 29.Nxd5 Ne6 30.Rbc1 Bf8
31.Rc8 Qe2 32.Nf6+ Rxf6 33.exf6 g6 34.d5 Nf4 35.Bc5 Qxg2+ 36.Rxg2 Rxf6 37.Rd2 Rf7
38.Bxb4 Kg7 39.d6  1-0

[Event "15th Croatian Open A"]
[Site "Zadar CRO"]
[Date "2008.12.18"]
[Round "7"]
[White "Brkic,A"]
[Black "Ljubicic,F"]
[Result "1-0"]
[WhiteElo "2558"]
[BlackElo "2415"]

1.e4 e6 2.d4 d5 3.Nc3 Nf6 4.e5 Nfd7 5.f4 c5 6.Nf3 Nc6 7.Be3 Be7 8.Qd2 a6
9.Be2 b5 10.a3 Qb6 11.Nd1 a5 12.O-O Ba6 13.Bf2 O-O 14.c3 b4 15.Bxa6 Qxa6
16.f5 bxc3 17.bxc3 cxd4 18.cxd4 Nb6 19.f6 gxf6 20.Rc1 Rfc8 21.Bh4 Nc4 22.Qh6 N4xe5
23.dxe5 fxe5 24.Ng5 Qa7+ 25.Bf2 Bc5 26.Qxh7+ Kf8 27.Nxe6+  1-0

[Event "8th Amplico AIG Life Rapid"]
[Site "Warsaw POL"]
[Date "2008.12.20"]
[Round "4"]
[White "Rajlich,V"]
[Black "Sumets,A"]
[Result "0-1"]
[WhiteElo "2303"]
[BlackElo "2545"]

1.e4 e6 2.d4 d5 3.Nc3 Nf6 4.e5 Nfd7 5.f4 c5 6.Nf3 Nc6 7.Be3 cxd4 8.Nxd4 Bc5
9.Qd2 O-O 10.O-O-O a6 11.h4 Nxd4 12.Bxd4 b5 13.Bxc5 Nxc5 14.Qf2 Qb6 15.Kb1 b4
16.Ne2 a5 17.Nc1 Qc7 18.Bd3 Ba6 19.h5 a4 20.h6 g6 21.Qh4 f5 22.exf6 a3 23.f5 exf5
24.Bxf5 axb2 25.Nb3 Bc4 26.Qd4 Qa7 27.Qxb2 gxf5 28.f7+ Rxf7 29.Rh5 Ne4 30.Re1 Nc3+
31.Kc1 Nxa2+ 32.Kd2 Qf2+ 33.Kd1 Nc3+  0-1

[Event "8th Amplico AIG Life Rapid"]
[Site "Warsaw POL"]
[Date "2008.12.21"]
[Round "13"]
[White "Macieja,B"]
[Black "Vysochin,S"]
[Result "1-0"]
[WhiteElo "2600"]
[BlackElo "2520"]

1.e4 e6 2.d4 d5 3.Nc3 Nf6 4.e5 Nfd7 5.f4 c5 6.Nf3 Nc6 7.Be3 a6 8.a3 b5 9.g3 Qb6
10.Bg2 g6 11.Ne2 c4 12.g4 h5 13.gxh5 Rxh5 14.Ng3 Rh8 15.h4 Ne7 16.h5 gxh5
17.Nxh5 Nf5 18.Bf2 Bh6 19.Bh3 Bb7 20.Bxf5 exf5 21.Bh4 Bf8 22.Ng3 Qg6 23.Kf2 Rg8
24.Bg5 f6 25.exf6 Nxf6 26.Nh4 Qf7 27.Bxf6 Qxf6 28.Qh5+ Kd8 29.Nhxf5 Bc8 30.Qh4 Qxh4
31.Rxh4 Ra7 32.Ne3 Rf7 33.Kf3 Bd6 34.Rah1 Rgf8 35.Ne2 a5 36.Rh8 b4 37.axb4 axb4
38.Rxf8+ Rxf8 39.Rh6 Kd7 40.Ng4 Kc7 41.Rh7+ Kb6 42.Ne5 Rg8 43.Ng3 c3 44.bxc3 bxc3
45.Rh6 Kc7 46.Ne2 Bb4 47.Rh7+ Kb6 48.Nd7+ Kb5 49.Nf6 Rd8 50.Rh5 Kc4 51.Rh7 Bd6
52.Rh5 Rf8 53.Ng4 Bxg4+ 54.Kxg4 Rg8+ 55.Kf3 Ra8 56.Rh6 Bb4 57.Nc1 Kxd4 58.Rc6 Ra3
59.Ne2+  1-0

[Event "8th Amplico AIG Life Rapid"]
[Site "Warsaw POL"]
[Date "2008.12.21"]
[Round "13"]
[White "Szelag,M"]
[Black "Malakhatko,V"]
[Result "0-1"]
[WhiteElo "2468"]
[BlackElo "2633"]

1.e4 e6 2.d4 d5 3.Nc3 Nf6 4.e5 Nfd7 5.f4 c5 6.Nf3 Nc6 7.Be3 a6 8.Qd2 b5 9.dxc5 Bxc5
10.Bxc5 Nxc5 11.Qf2 Qb6 12.Bd3 b4 13.Ne2 a5 14.O-O Ba6 15.Kh1 g6 16.b3 O-O
17.Rad1 f6 18.exf6 Rxf6 19.Qh4 Raf8 20.Ng5 Qa7 21.Bxa6 Nxa6 22.Rf3 Nc5 23.Rh3 Ne4
24.Nxe4 dxe4 25.Rd6 Ne5 26.Ra6 Qc7 27.Ra8 Rxa8 28.Qxf6 Nf7 29.Qxe6 Qxc2 30.Re3 Rd8
31.h4 Qxa2 32.Kh2 Qd2 33.Qxe4 Qd5 34.Qe7 Nh6 35.Rf3 Nf5 36.Qf6 Rf8 37.Qg5 Qd8
38.Ng3 Nxh4 39.Qxd8 Nxf3+ 40.gxf3 Rxd8  0-1

[Event "1st Asian Clubs"]
[Site "Al Ain UAE"]
[Date "2008.12.26"]
[Round "2"]
[White "Gomez,Joh"]
[Black "Batchuluun,C"]
[Result "1/2-1/2"]
[WhiteElo "2519"]
[BlackElo "2346"]

1.e4 e6 2.d4 d5 3.Nc3 Nf6 4.e5 Nfd7 5.f4 c5 6.Nf3 Nc6 7.Be3 cxd4 8.Nxd4 Bc5
9.Qd2 O-O 10.O-O-O a6 11.Kb1 Nxd4 12.Bxd4 b5 13.Qe3 Qc7 14.Bd3 Bxd4 15.Qxd4 Qc5
16.Ne2 b4 17.Rde1 Qxd4 18.Nxd4 Nc5 19.Rhf1 a5 20.Rf3 Bd7 21.g4 f6 22.f5 fxe5
23.Rxe5 Rae8 24.fxe6 Nxe6 25.Rxf8+ Kxf8 26.Nxe6+ Rxe6 27.Rxe6 Bxe6 28.g5 h6
29.gxh6 gxh6 30.c3 bxc3 31.bxc3 Ke7 32.Kc2 Kf6 33.Kd2 d4 34.a3 Ke5 35.Be2 Bf7
36.Kd3 Bg6+ 37.Kc4 Bf7+ 38.Kd3 dxc3 39.Kxc3 Ke4 40.Bc4 Be8 41.Be6 Bb5 42.Bc8 h5
43.h4 Kf4 44.Be6 Kg3 45.Bf7 Kxh4 46.a4 Bxa4 47.Kb2 Kg5 48.Bxh5 Kxh5 49.Ka1  1/2-1/2

[Event "1st Asian Clubs"]
[Site "Al Ain UAE"]
[Date "2008.12.26"]
[Round "2"]
[White "Wang Hao"]
[Black "Ghane,S"]
[Result "1/2-1/2"]
[WhiteElo "2696"]
[BlackElo "2408"]

1.e4 e6 2.d4 d5 3.Nc3 Nf6 4.e5 Nfd7 5.f4 c5 6.Nf3 Nc6 7.Be3 cxd4 8.Nxd4 Bc5
9.Qd2 Nxd4 10.Bxd4 Bxd4 11.Qxd4 Qb6 12.Qd2 Nc5 13.O-O-O Bd7 14.h4 O-O-O 15.Qd4 Bc6
16.b4 Ne4 17.Qxb6 axb6 18.Nxe4 dxe4 19.Re1 Kb8 20.Rh3 Rd4 21.c3 Rd7 22.c4 Ba4  1/2-1/2

[Event "Open A"]
[Site "Groningen NED"]
[Date "2008.12.26"]
[Round "5"]
[White "Pijpers,A"]
[Black "Tan,Mat"]
[Result "0-1"]
[WhiteElo "2150"]
[BlackElo "2321"]

1.e4 e6 2.d4 d5 3.Nc3 Nf6 4.e5 Nfd7 5.f4 c5 6.Nf3 Nc6 7.Be3 cxd4 8.Nxd4 a6
9.Qd2 Bc5 10.O-O-O O-O 11.h4 Nxd4 12.Bxd4 b5 13.Rh3 Bb7 14.Kb1 Qc7 15.h5 Rfc8
16.Rc1 Bc6 17.Bxc5 Nxc5 18.Qf2 Be8 19.Bd3 b4 20.Ne2 Bb5 21.Qh4 b3 22.axb3 Qa5
23.b4 Qxb4 24.Bxh7+ Kxh7 25.h6 g5 26.Qxg5 Rg8 27.Qf6 Ne4 28.Qxf7+ Kh8 29.f5 Raf8
30.Qxe6 Nd2+ 31.Ka1 Nc4  0-1

[Event "5th Open"]
[Site "Vandoeuvre les Nancy FRA"]
[Date "2008.12.26"]
[Round "2"]
[White "Strugnell,C"]
[Black "Amigues,E"]
[Result "0-1"]
[WhiteElo "2243"]
[BlackElo "2355"]

1.e4 e6 2.d4 d5 3.Nc3 Nf6 4.e5 Nfd7 5.f4 c5 6.Nf3 Nc6 7.Be3 Be7 8.Qd2 O-O
9.Be2 Rb8 10.O-O f6 11.exf6 Nxf6 12.Kh1 Ne4 13.Qd3 c4 14.Qd1 Nxc3 15.bxc3 Ba3
16.Bc1 Bd6 17.g3 Qa5 18.a4 b5 19.Ba3 Bxa3 20.Rxa3 Rb6 21.Qa1 Ra6 22.axb5 Qxa3
23.bxa6 Qxa6 24.Qb2 Bd7 25.Ra1 Rb8 26.Qc1 Qb6 27.Ra2 Qb1 28.Qxb1 Rxb1+ 29.Kg2 a5
30.Kf2 Rb6 31.Nd2 Kf7 32.Nf1 Ra6 33.Rb2 a4 34.Nd2 Na7 35.Nb1 Nb5 36.Ra2 Ke7
37.Ke3 Rb6 38.Ra1 Nd6 39.Bf3 a3 40.Kd2 a2 41.Rxa2 Rxb1 42.Ra8 h6 43.Rg8 Kf7
44.Rd8 Rb7 45.g4 Ne8 46.Ra8 g5 47.fxg5 hxg5 48.Ra1 Nf6 49.h4 gxh4 50.Rh1 Nh7
51.Rxh4 Ng5 52.Bg2 Rb1 53.Rh5 Kg6 54.Ke3 Rc1 55.Kf4 Nh7 56.Rh2 Ba4 57.Bf3 Bxc2
58.Re2 Kf6  0-1

[Event "17th Donau Open"]
[Site "Aschach AUT"]
[Date "2008.12.27"]
[Round "2"]
[White "Mayerhofer,P"]
[Black "Neubauer,M"]
[Result "0-1"]
[WhiteElo "2175"]
[BlackElo "2422"]

1.e4 e6 2.d4 d5 3.Nc3 Nf6 4.e5 Nfd7 5.f4 c5 6.Nf3 Nc6 7.Be3 Be7 8.Qd2 O-O
9.O-O-O c4 10.f5 b5 11.g4 b4 12.Ne2 Qa5 13.Kb1 c3 14.Qe1 cxb2 15.Nf4 Nb6
16.Rd3 Ba6 17.Rb3 Bc4  0-1

[Event "5th Open"]
[Site "Vandoeuvre les Nancy FRA"]
[Date "2008.12.28"]
[Round "5"]
[White "Brunner,N"]
[Black "Hoffer,T"]
[Result "1/2-1/2"]
[WhiteElo "2415"]
[BlackElo "2047"]

1.e4 e6 2.d4 d5 3.Nc3 Nf6 4.e5 Nfd7 5.f4 c5 6.Nf3 Nc6 7.Be3 cxd4 8.Nxd4 Bc5
9.Qd2 O-O 10.h4 Bb4 11.a3 Be7 12.h5 Nb6 13.O-O-O Na5 14.Qf2 Bd7 15.Kb1 Nbc4
16.Bc1 b5 17.Na2 Qb6 18.Qg3 Rfc8 19.f5 exf5 20.e6 Bxe6 21.Bh6 g6 22.hxg6 fxg6
23.Qe1 Kf7 24.Be3  1/2-1/2

[Event "1st Asian Clubs"]
[Site "Al Ain UAE"]
[Date "2008.12.30"]
[Round "6"]
[White "Wen Yang"]
[Black "Kayumov,S"]
[Result "1-0"]
[WhiteElo "2508"]
[BlackElo "2457"]

1.e4 e6 2.d4 d5 3.Nc3 Nf6 4.e5 Nfd7 5.f4 c5 6.Nf3 Nc6 7.Be3 Be7 8.Qd2 O-O
9.Be2 a6 10.O-O b5 11.a3 Qb6 12.Nd1 a5 13.c3 Ba6 14.dxc5 Bxc5 15.b4 Bxe3+
16.Nxe3 f6 17.Nd4 fxe5 18.Nxe6 Rfe8 19.f5 Nf6 20.Kh1 Ne7 21.Nc5 axb4 22.axb4 Bb7
23.Rxa8 Rxa8 24.Ng4 Nxg4 25.Bxg4 Rf8 26.Nd7 Qg6 27.Nxf8 Qxg4 28.Nd7 Qc4 29.Qf2 Qc7
30.f6 Qxd7 31.fxg7 Nf5 32.Qxf5 Qxf5 33.Rxf5 Kxg7 34.Rxe5 Kf6 35.Re3 Bc8 36.Kg1 Bf5
37.Kf2 Bb1 38.Rf3+ Ke5 39.Ke3 Be4 40.Rf2 h5 41.g3 Bf5 42.Ra2 Bh3 43.Ra7 Bg4  1-0

[Event "Hilton Schachfestival"]
[Site "Basel SUI"]
[Date "2009.01.03"]
[Round "5"]
[White "Guliyev,N"]
[Black "Bukal,V jr"]
[Result "1-0"]
[WhiteElo "2535"]
[BlackElo "2380"]

1.e4 e6 2.d4 d5 3.Nc3 Nf6 4.e5 Nfd7 5.f4 c5 6.Nf3 a6 7.Be3 Qb6 8.a3 Nc6 9.dxc5 Bxc5
10.Na4 Qa5+ 11.b4 Qxa4 12.bxc5 f6 13.exf6 Nxf6 14.Bd3 Qa5+ 15.Qd2 Qc7 16.O-O O-O
17.Qf2 g6 18.Qh4 Qg7 19.Ne5 Bd7 20.Rab1 Rab8 21.Nxc6 Bxc6 22.Bd4 Rbc8 23.Qg5 Rf7
24.Rbe1 Re8 25.Rf3 Qf8 26.Rh3 e5 27.Rxe5 Rxe5 28.Qxe5 Qe8 29.f5 Qxe5 30.Bxe5 gxf5
31.Bxf5 Bd7 32.Bxd7  1-0

[Event "38th Rilton Cup 2008-9"]
[Site "Stockholm SWE"]
[Date "2009.01.03"]
[Round "7"]
[White "Huschenbeth,N"]
[Black "Maki Uuro,Mi"]
[Result "1-0"]
[WhiteElo "2417"]
[BlackElo "2382"]

1.e4 e6 2.d4 d5 3.Nc3 Nf6 4.e5 Nfd7 5.f4 c5 6.Nf3 Nc6 7.Be3 Be7 8.Qd2 O-O
9.dxc5 Bxc5 10.Bxc5 Nxc5 11.O-O-O Qa5 12.h4 Rd8 13.Nd4 Bd7 14.Rh3 a6 15.Rg3 Kh8
16.f5 Nxd4 17.Qxd4 exf5 18.Nxd5 Be6 19.b4 Nb3+ 20.Rxb3 Qxd5 21.Rbd3 Qxd4
22.Rxd4 Rxd4 23.Rxd4 g5 24.hxg5 a5 25.b5 Rc8 26.Kb2 Kg7 27.c4 Kg6 28.Kc3 Kxg5
29.Rd6 Kf4 30.Kd4 Kg3 31.c5 h5 32.c6 bxc6 33.Rxc6 Rxc6 34.bxc6 h4 35.c7 f4
36.Bc4 f3 37.gxf3 Bc8 38.f4 Kxf4 39.Bxf7 h3 40.Bd5 h2 41.e6 Bxe6 42.Bxe6 h1=Q
43.c8=Q Qe4+ 44.Kc5 Qb4+ 45.Kc6 Ke5 46.Bb3  1-0

[Event "38th Rilton Cup 2008-9"]
[Site "Stockholm SWE"]
[Date "2009.01.05"]
[Round "9"]
[White "Huschenbeth,N"]
[Black "Brynell,S"]
[Result "0-1"]
[WhiteElo "2417"]
[BlackElo "2447"]

1.e4 e6 2.d4 d5 3.Nc3 Nf6 4.e5 Nfd7 5.f4 c5 6.Nf3 Nc6 7.Be3 cxd4 8.Nxd4 Bc5
9.Qd2 O-O 10.O-O-O Qe7 11.Qf2 a6 12.Bd3 f6 13.exf6 Nxf6 14.h3 Bd6 15.Qh4 Bd7
16.Rhe1 Nb4 17.Bf1 Rac8 18.Nf3 Rxc3 19.bxc3 Nxa2+ 20.Kb2 Nxc3 21.Kxc3 Rc8+
22.Kd2 Ne4+ 23.Ke2 Bb5+ 24.Rd3 Rxc2+ 25.Kd1 Qxh4 26.Nxh4 Ba4 27.Nf3 Bb4 28.Nd4 Ra2+
29.Kc1 Ra1+ 30.Kb2 Rxe1 31.Be2 Nc5  0-1

[Event "Australian Open"]
[Site "Manly Sydney AUS"]
[Date "2009.01.07"]
[Round "7"]
[White "Schon,E"]
[Black "Illingworth,M"]
[Result "1/2-1/2"]
[WhiteElo "2115"]
[BlackElo "2250"]

1.e4 e6 2.d4 d5 3.Nc3 Nf6 4.e5 Nfd7 5.f4 c5 6.Nf3 Nc6 7.Be3 Be7 8.Qd2 O-O
9.Be2 a6 10.O-O b5 11.Nd1 Qb6 12.c3 Bb7 13.Bd3 f6 14.Nf2 b4 15.exf6 Nxf6
16.f5 exf5 17.Bxf5 Rae8 18.dxc5 Bxc5 19.Bxc5 Qxc5 20.cxb4 Nxb4 21.Rac1 Qd6
22.a3 Nc6 23.Bb1 Ne5 24.Nxe5 Qxe5 25.Rce1 Qd6 26.Qd4 a5 27.Rxe8 Rxe8 28.Ng4 Nxg4
29.Qxg4 g6 30.Qf3 Qc5+ 31.Kh1 Rf8 32.Qxf8+ Qxf8 33.Rxf8+ Kxf8 34.Bd3 Ke7
35.Kg1 Kd6 36.Kf2 Kc5 37.g3 Kd4 38.Ke2 Bc8 39.Kd2 Bg4 40.Bf1 Bf5 41.Be2 g5
42.Bf1  1/2-1/2

[Event "TCh-HUN 2008-9"]
[Site "Nagykanizsa HUN"]
[Date "2009.01.11"]
[Round "5"]
[White "Leviczky,T"]
[Black "Berczes,D"]
[Result "1/2-1/2"]
[WhiteElo "2303"]
[BlackElo "2514"]

1.e4 e6 2.d4 d5 3.Nc3 Nf6 4.e5 Nfd7 5.f4 c5 6.Nf3 Nc6 7.Be3 Be7 8.Qd2 O-O
9.dxc5 Bxc5 10.Bxc5 Nxc5 11.O-O-O Qa5 12.Kb1 Bd7 13.Nd4 Rfc8 14.Be2 Rab8
15.Rhf1 b5 16.Nxc6 Rxc6 17.Ne4 b4 18.Nxc5 Rxc5 19.Qd4 Rbc8 20.Bd3 Bb5 21.Bxb5 Qxb5
22.Qd3 Qb6 23.Rc1 Rc3 24.Qd2 Qa5 25.Rf3 R8c6 26.a3 bxa3 27.Qxc3 Rxc3 28.Rxc3 g6
29.Rxa3 Qd2 30.g3 Qxh2 31.Rd1 h5 32.Rdd3 h4 33.gxh4 Qxf4 34.Rxa7 Qxh4 35.Rc3 Qe1+
36.Ka2 g5 37.Rf3 Kg7 38.Rf6 Qxe5 39.Raxf7+ Kg8 40.Rf8+ Kg7 41.R8f7+ Kg8 42.Rf8+ Kg7  1/2-1/2

[Event "6th ch-Mediterranean"]
[Site "Antalya TUR"]
[Date "2009.01.15"]
[Round "7"]
[White "Emiroglu,C"]
[Black "Kose,S"]
[Result "0-1"]
[WhiteElo "2079"]
[BlackElo "2201"]

1.e4 e6 2.d4 d5 3.Nc3 Nf6 4.e5 Nfd7 5.f4 c5 6.Nf3 Nc6 7.Be3 cxd4 8.Nxd4 Bb4
9.Bb5 Bxc3+ 10.bxc3 Qa5 11.O-O Nxd4 12.Bxd7+ Bxd7 13.Bxd4 Rc8 14.Qf3 g6 15.Qg3 Qa3
16.Qh4 h5 17.Qf6 Rh7 18.Qg5 Qe7 19.Qg3 Qa3 20.Rfe1 Kf8 21.Reb1 b6 22.Rb3 Qa4
23.Qh4 Qa6 24.Rb4 Ba4 25.Rc1 b5 26.Qf6 Qc6 27.Rb2 a5 28.h3 Qc4 29.a3 Qe2
30.Kh2 Kg8 31.Rcb1 Rg7 32.Qe7 Kh7 33.Qd7 Rcg8 34.Rg1 Qe4 35.g3 h4 36.Qe7 g5
37.fxg5 f5 38.g6+ Kh6 39.Qxh4+ Qxh4 40.gxh4 Rxg6 41.Be3+ Kh5 42.Rxg6 Rxg6
43.c4 dxc4 44.c3 Kxh4 45.Rd2 Rg8 46.Rd6 Re8 47.Rd7 Kh5 48.Rg7 Bd1 49.Kg3 Rh8
50.Bf4 Ba4 51.Be3 Bc2 52.Bc1 Bd3 53.Bd2 f4+ 54.Bxf4 Bg6 55.Rd7 Rg8 56.h4 Be8+  0-1

[Event "Queenstown Classic"]
[Site "Queenstown NZL"]
[Date "2009.01.15"]
[Round "1"]
[White "King,M"]
[Black "Chow,S"]
[Result "0-1"]
[WhiteElo "1934"]
[BlackElo "2267"]

1.e4 e6 2.d4 d5 3.Nc3 Nf6 4.e5 Nfd7 5.f4 c5 6.Nf3 Nc6 7.Be3 cxd4 8.Nxd4 Bc5
9.Qd2 O-O 10.O-O-O a6 11.Nb3 Bb4 12.Bd3 f6 13.exf6 Nxf6 14.h3 Kh8 15.Nd4 Qc7
16.a3 Bd6 17.Be2 Na5 18.Nb3 Ne4 19.Qd3 Nxc3 20.Qxc3 Qxc3 21.bxc3 Bxa3+ 22.Kb1 Nxb3
23.cxb3 Bd6 24.c4 Bxf4 25.Bxf4 Rxf4 26.cxd5 exd5 27.Rxd5 Be6 28.Re5 Bxb3
29.Bf3 Rb8 30.Rhe1 Bf7 31.Re7 Kg8 32.Rc7 Kf8 33.Ree7 b6 34.Ra7 a5 35.Ka1 a4  0-1

[Event "TCh-BEL 2008-9"]
[Site "Belgium BEL"]
[Date "2009.01.18"]
[Round "7"]
[White "Tannemaat,S"]
[Black "Bergmans,N"]
[Result "1/2-1/2"]
[WhiteElo "1849"]
[BlackElo "2135"]

1.e4 e6 2.d4 d5 3.Nc3 Nf6 4.e5 Nfd7 5.Nf3 c5 6.dxc5 Nc6 7.Bf4 Bxc5 8.Bg3 a6
9.Bd3 Qc7 10.O-O Nb4 11.Re1 b5 12.Bf1 Nb6 13.a3 Nc6 14.Bd3 h6 15.Ne2 Nc4
16.b4 Be7 17.Bxc4 bxc4 18.Ned4 Bd7 19.c3 O-O 20.Nxc6 Qxc6 21.a4 Qb7 22.Nd4 Bd8
23.a5 Bc7 24.Qh5 f5 25.Qg6 Qc8 26.Bf4 Qe8 27.Qxe8 Raxe8 28.h4 Rb8 29.h5 Rb7
30.Re3 Kh7 31.Rg3 Bb8 32.Rg6 Re8 33.Re1 Ba7 34.Be3 Bxd4 35.Bxd4 Rc8 36.Re3 Rc6
37.Rh3 Be8 38.Rgg3 Rb8 39.Rh4 Rb7 40.Rf3 Rf7 41.g3 Rcc7 42.Bb6  1/2-1/2

[Event "IMA"]
[Site "Marianske Lazne CZE"]
[Date "2009.01.19"]
[Round "3"]
[White "Wieczorek,O"]
[Black "Gajic,Ml"]
[Result "1-0"]
[WhiteElo "2265"]
[BlackElo "2182"]

1.e4 e6 2.d4 d5 3.Nc3 Nf6 4.e5 Nfd7 5.f4 c5 6.Nf3 Nc6 7.Be3 Be7 8.Be2 O-O
9.O-O f6 10.exf6 Nxf6 11.Kh1 Ng4 12.Bg1 Rxf4 13.dxc5 Rf8 14.Qd2 Bf6 15.Rae1 Bd7
16.Nb5 Nge5 17.Nd6 Nf7 18.Nxf7 Rxf7 19.c4 Qa5 20.Rd1 Qxd2 21.Rxd2 Re8 22.Re1 Ne7
23.Bf1 g6 24.cxd5 exd5 25.Bd4 Bxd4 26.Rxd4 Kg7 27.Kg1 Nf5 28.Rxe8 Nxd4 29.Re3 Nxf3+
30.Rxf3 Rxf3 31.gxf3 Kf6 32.f4 Bc6 33.Kf2 Kf5 34.Ke3 Kg4 35.b4 a6 36.Kd4 Kxf4
37.Bg2 g5 38.Bxd5 g4 39.a4 h5 40.Bxc6 bxc6 41.b5 axb5 42.axb5 cxb5 43.c6 h4
44.c7 g3 45.c8=Q Kf3 46.hxg3 Kxg3 47.Ke3  1-0

[Event "GM"]
[Site "Marianske Lazne CZE"]
[Date "2009.01.20"]
[Round "4"]
[White "Krejci,Jan2"]
[Black "Moor,O"]
[Result "1-0"]
[WhiteElo "2426"]
[BlackElo "2369"]

1.e4 e6 2.d4 d5 3.Nc3 Nf6 4.e5 Nfd7 5.Nce2 c5 6.c3 cxd4 7.cxd4 Nc6 8.f4 f5
9.Nf3 Be7 10.Nc3 Nb6 11.Bd3 O-O 12.O-O Bd7 13.Kh1 Be8 14.Bb1 a5 15.Ng5 Qd7
16.b3 a4 17.Nxa4 Nxa4 18.bxa4 h6 19.Nh3 Nb4 20.Nf2 Qxa4 21.Qd2 Bb5 22.Rg1 Rac8
23.Nd1 Qa6 24.Nc3 Bd3 25.a3 Bxb1 26.Rxb1 Nc6 27.Nb5 Qa4 28.g4 Nd8 29.Qg2 Qc2
30.Bd2 Qe4 31.gxf5 Qxg2+ 32.Rxg2 exf5 33.Nc3 Bxa3 34.Nxd5 Rc4 35.Be3 Rf7
36.Ra2 Bf8 37.Ra8 Ne6 38.Nb6 Rxd4 39.Bxd4 Nxd4 40.Nc4 Kh7 41.Rb8 b5 42.Nd6 Bxd6
43.exd6 Rd7 44.Rb6 Kg6 45.Kg2 Kf6 46.Rd1 Nc2 47.Kf3 Na3 48.Rd3 Nc4 49.Rxb5 Rxd6
50.Rxd6+ Nxd6 51.Rb6 Ke7 52.h4 Ne4 53.Ke3 Kf7 54.Kd4 Nf6 55.Rb7+ Kg6 56.Ke5 Ng4+
57.Ke6 h5 58.Ke7 Ne3 59.Rb6+ Kh7 60.Kf7 Ng2 61.Rg6 Nxf4 62.Rxg7+ Kh6 63.Rg8 Kh7
64.Rg5 Kh6 65.Kf6 Ne2 66.Rxf5 Nd4 67.Ra5 Nf3 68.Ra4 Nh2 69.Kf5 Nf3 70.Rb4 Kg7
71.Rf4 Nh2 72.Kg5 Ng4 73.Kxh5 Nf6+ 74.Kg5 Nh7+ 75.Kf5 Kh6 76.Ra4 Nf8 77.Ra7 Nh7
78.Rf7  1-0

[Event "IMA"]
[Site "Marianske Lazne CZE"]
[Date "2009.01.21"]
[Round "6"]
[White "Rojicek,V"]
[Black "Babula,M"]
[Result "1/2-1/2"]
[WhiteElo "2375"]
[BlackElo "2298"]

1.e4 e6 2.d4 d5 3.Nc3 Nf6 4.e5 Nfd7 5.Nce2 b6 6.f4 g6 7.Nf3 Ba6 8.c3 Be7
9.a3 c5 10.b3 cxd4 11.cxd4 Nc6 12.h4 h5 13.Ng5 Rc8 14.Bb2 Nf8 15.Rh3 Nh7
16.Nc3 Bxf1 17.Kxf1 Qd7 18.Rg3 Nxg5 19.hxg5 Kd8 20.Qd3 Kc7 21.Nd1 Kb7 22.Ke1  1/2-1/2

[Event "GM"]
[Site "Marianske Lazne CZE"]
[Date "2009.01.21"]
[Round "6"]
[White "Heberla,B"]
[Black "Moor,O"]
[Result "1/2-1/2"]
[WhiteElo "2500"]
[BlackElo "2369"]

1.e4 e6 2.d4 d5 3.Nc3 Nf6 4.e5 Nfd7 5.f4 c5 6.Nce2 Nc6 7.Nf3 b5 8.a3 a5 9.c3 c4
10.g4 h5 11.gxh5 Rxh5 12.f5 exf5 13.Nf4 Rh8 14.Nxd5 Ne7 15.Nf4 Nb6 16.Bg2 Ned5
17.O-O Be6 18.Qe1 Be7 19.Qg3 Rg8 20.h4 Kd7 21.Ng5 Bxg5 22.Nxd5 Nxd5 23.Bxg5 Qb6
24.Rxf5 Bxf5 25.Bxd5 Be6 26.Bg2 Rae8 27.Be3 Bf5 28.Qf3 g6 29.Bg5 Rxe5 30.Qc6+ Qxc6
31.Bxc6+ Kxc6 32.dxe5 Re8 33.Bf6 Rb8 34.Rd1 Bd3 35.Kf2 b4 36.axb4 axb4 37.Ra1 bxc3
38.bxc3 Bf5 39.Ra6+ Rb6 40.Rxb6+  1/2-1/2

[Event "IMA"]
[Site "Marianske Lazne CZE"]
[Date "2009.01.23"]
[Round "8"]
[White "Wieczorek,O"]
[Black "Arsenault,N"]
[Result "1/2-1/2"]
[WhiteElo "2265"]
[BlackElo "2229"]

1.e4 e6 2.d4 d5 3.Nc3 Nf6 4.e5 Nfd7 5.f4 c5 6.Nf3 Nc6 7.Be3 cxd4 8.Nxd4 Bc5
9.Qd2 O-O 10.O-O-O Bxd4 11.Bxd4 a6 12.h4 b5 13.Rh3 b4 14.Na4 Qa5 15.b3 Qc7
16.Rf3 a5 17.Kb1 Ba6 18.Bxa6 Rxa6 19.Rc1 Nxd4 20.Qxd4 Rc6 21.g3 Rc8 22.c3 f6
23.exf6 Nxf6 24.Re3 Qf7 25.Kb2 Ne4 26.c4 Nd6 27.c5 Nf5 28.Qe5 Nxe3 29.Qxe3 Qf6+
30.Kb1 Re8 31.Qd3 Qf5 32.Nb2 g6 33.Ka1 Qf7 34.Qd4 Qg7 35.Qxg7+ Kxg7 36.Nd3 Rec8
37.Kb2 h6 38.Re1 Kf6 39.a3 Rxc5 40.Nxc5 Rxc5 41.axb4 axb4 42.g4 Rc3 43.g5+ hxg5
44.hxg5+ Kf5 45.Re5+ Kxf4 46.Rxe6 Kxg5 47.Re5+ Kf6 48.Rxd5 Rh3 49.Rd4 Rh2+
50.Kc1 g5 51.Rxb4 Kf5 52.Kd1 g4 53.Ke1 Kg5 54.Kf1 Kh4 55.Kg1 Rb2 56.Rc4 Rxb3
57.Rc1 Kh3 58.Ra1 Rb2 59.Rc1 Kg3 60.Rc3+ Kh4 61.Ra3 g3 62.Ra8  1/2-1/2

[Event "Queenstown Classic"]
[Site "Queenstown NZL"]
[Date "2009.01.23"]
[Round "9"]
[White "Milligan,H"]
[Black "Pyke,M"]
[Result "1/2-1/2"]
[WhiteElo "1976"]
[BlackElo "2182"]

1.e4 e6 2.d4 d5 3.Nc3 Nf6 4.e5 Nfd7 5.f4 c5 6.Nf3 Nc6 7.Be3 Qb6 8.Na4 Qa5+
9.c3 cxd4 10.b4 Nxb4 11.cxb4 Bxb4+ 12.Bd2 Bxd2+ 13.Nxd2 f6 14.Bd3 O-O 15.O-O fxe5
16.fxe5 Rxf1+ 17.Nxf1 Nxe5 18.Bxh7+ Kxh7 19.Qh5+ Kg8 20.Qe8+ Kh7  1/2-1/2

[Event "ch-CUB"]
[Site "Las Tunas CUB"]
[Date "2009.01.24"]
[Round "5"]
[White "Quezada Perez,Y"]
[Black "Martinez,Lel"]
[Result "1/2-1/2"]
[WhiteElo "2590"]
[BlackElo "2485"]

1.e4 e6 2.d4 d5 3.Nc3 Nf6 4.e5 Nfd7 5.f4 c5 6.Nf3 Nc6 7.Be3 cxd4 8.Nxd4 Bc5
9.Qd2 O-O 10.O-O-O a6 11.Qf2 Bxd4 12.Bxd4 b5 13.Be3 b4 14.Na4 a5 15.h4 Ba6
16.Bxa6 Rxa6 17.h5 Qc7 18.h6 g6 19.Nc5 Nxc5 20.Bxc5 Rc8 21.Bd6 Qb6 22.Qh4 Qd8
23.Qxd8+ Nxd8 24.Be7 Rac6 25.Bxd8 Rxd8 26.b3 Rdc8 27.Rd2 Rc3 28.Kb2 Re3 29.Rf1 f6
30.exf6 Kf7 31.g4 Kxf6 32.f5  1/2-1/2

[Event "IMA"]
[Site "Marianske Lazne CZE"]
[Date "2009.01.24"]
[Round "10"]
[White "Babula,M"]
[Black "Arsenault,N"]
[Result "1-0"]
[WhiteElo "2298"]
[BlackElo "2229"]

1.e4 e6 2.d4 d5 3.Nc3 Nf6 4.e5 Nfd7 5.f4 c5 6.Nf3 Nc6 7.Be3 cxd4 8.Nxd4 Bc5
9.Qd2 O-O 10.Bb5 Qc7 11.O-O-O Bxd4 12.Bxd4 a6 13.Be2 b5 14.Kb1 b4 15.Na4 Qa5
16.b3 Nxd4 17.Qxd4 Bb7 18.c3 bxc3 19.Qxc3 Qxc3 20.Nxc3 Rfc8 21.Kb2 Rc7 22.Rd4 Rac8
23.Rc1 Nc5 24.Bd3 a5 25.Ne2 Kf8 26.g3 Ke7 27.a3 h6 28.Bb5 f6 29.b4 axb4 30.axb4 Ne4
31.Rxc7+ Rxc7 32.Bd3 fxe5 33.fxe5 Ng5 34.Nf4 Bc6 35.Ng6+ Kd8 36.h4 Nf7 37.b5 Rb7
38.Rb4 Kc7 39.Kc3 Bd7 40.Kd4 Kb6 41.Nf8 Nd8 42.Rb2 Be8 43.Rb1 Rc7 44.Ra1 Re7
45.Ra6+ Kc7 46.Rd6 Bd7 47.b6+ Kc8 48.Ba6+  1-0